000 00729nam a22002531a 4500
001 12171
003 BD-RjUL
005 20211208235240.0
008 140128s1958 nyua b 000 0 eng
035 _a(BD-RjUL)12220
040 _aLC
_beng
_cLC
_dABN-SNR
_dBD-RjUL
041 _aeng
082 0 4 _a575.1
_bPOT 1958
100 1 _aPontecorvo, G.
_937686
245 1 0 _aTrends in genetic analysis /
_cby G. Pontecorvo.
260 _aNew York :
_bColumbia University Press,
_c1958.
300 _ax, 145 p. :
_billus.
_c24 cm.
504 _aIncludes bibliography.
650 0 _aGenetics.
_937688
942 _2ddc
_cBK
999 _c12171
_d12171